000 00990nas a2200325 4500
001 BR2012002100
003 BR-BrBNA
005 20231205120332.0
007 ta
008 230509b bl.|||p| |||| 00| 00por d
040 _aBR-BrBNA
_bpor
_cBiblioteca Nacional de Agricultura
041 _a(Pt)
072 _aH10; H60
100 1 _aMônaco, A.P. do A.
100 1 _aCarneiro, R.G.
100 1 _aKranz, W.M.
100 1 _aGomes, J.C.
100 1 _aScherer, A.
100 1 _aSantiago, D.C.
245 1 _aReação de espécies de plantas daninhas a Meloidogyne incognita raças 1 e 3, a M. javanica e a M. paranaensis
650 _aERVA DANINHA
650 _aMELOIDOGYNE INCOGNITA
650 _aMELOIDOGYNE JAVANICA
650 _aNEMATÓIDE
650 _aINOCULAÇÃO
650 _aTOMATE
773 0 _tNematologia Brasileira (Brazil)
_xISSN 0102-2997
_g(Sep 2009), v. 33(3) p. 235-242
_wBR2012002100
909 _a202311
_bLúcia
_c55
_dLúcia Elande
942 _2AGRIS
_n0
_cANA
999 _c218004
_d218004